000 00417pab a2200157 454500
008 180718b2014 xxu||||| |||| 00| 0 eng d
100 _aMohan, Peggy
245 _aThe road to English - slow migration of the economically weak child to elite India
260 _c2014
300 _ap,19-24.
362 _a15 Feb
650 _aEnglish
773 _aEconomic and Political Weekly
908 _aN
909 _a102451
999 _c102449
_d102449